000 01671nab a2200229 i 4500
001 768714001
003 CO-MdFUSB
005 20240531062757.0
008 240521t1973 sp ||||| |||| 00| 0 spa d
040 _bspa
_cCO-MdFUSB
_dCO-MdFUSB
041 _aspa
100 _aSteemann, Theodore M.,
_eautor
245 _aSignificado político de la comunidad cristiana entre el integrismo y el compromiso crítico
_c/ Theodore M. Steeman ; traducido por Jesus Valiente Malla
520 _aEl problema del cual nos ocuparemos en el presente artículo consiste básicamente en el de la estructuración social y eclesiástica del compromiso político de la comunidad cristiana. Se ha planteado la cuestión de si este giro de la Iglesia que supone su nueva preocupación por los problemas sociales, formulada en el Vaticano II y en los subsiguientes documentos papales, y propuesta además en la llamada teología política, no nos llevará de hecho a un nuevo tipo de integrismo. Esto significaría utilizar el poder y la autoridad de la Iglesia para fomentar el compromiso cristiano en la batalla por la justicia y la paz, con el resultado de que esa misma estructura eclesiástica, que en otras épocas apoyó el statu quo, adoptaría ahora una postura más crítica ante la sociedad
650 7 _aCristianismo
_2
_922
650 7 _aÉtica cristiana
_9185
650 7 _aIglesia
_9655
700 _aValiente Malla, Jesús,
_etraductor
773 0 _049450
_982664
_oR2574
_tRevista internacional de teología Concilium
_w(CO-MdFUSB)8
_x0210-1041
_gNúmero 84, (abril, 1973), páginas: 40 - 48
_qpágina: 40
942 _cANA
945 _aCatherine Arias Alvarez - Practicante SENA
999 _c69811
_d69811